Surveys of residential property (Record no. 115784)
[ view plain ]
| 000 -LEADER | |
|---|---|
| fixed length control field | 01799cad a22002895a 4500 |
| 001 - CONTROL NUMBER | |
| control field | L159292 |
| 008 - FIXED-LENGTH DATA ELEMENTS--GENERAL INFORMATION | |
| fixed length control field | 130516s2016 xxk f 000 0 eng d |
| 020 ## - INTERNATIONAL STANDARD BOOK NUMBER | |
| ISBN | 9781783210411 |
| 035 ## - SYSTEM CONTROL NUMBER | |
| System control number | (Sirsi) u159292 |
| 041 0# - LANGUAGE CODE | |
| Language code of text/sound track or separate title | eng |
| 110 2# - MAIN ENTRY--CORPORATE NAME | |
| Corporate author | Royal Institution of Chartered Surveyors |
| 245 00 - TITLE STATEMENT | |
| Title | Surveys of residential property |
| Subtitle | May 2016 reissue |
| Medium | [electronic resource] |
| 250 ## - EDITION | |
| Edition statement | 3rd edition |
| 260 ## - PUBLICATION INFORMATION | |
| Place of publication | London |
| Date | RICS |
| Publisher | 2016 |
| 490 #0 - SERIES TITLE | |
| Series statement | RICS Guidance Note |
| 490 #0 - SERIES TITLE | |
| Series statement | RICS Conditions of Engagement |
| 520 ## - ABSTRACT | |
| Abstract | Provides guidance to chartered surveyors in England and Wales wishing to produce their own residential property survey product. Outlines range of residential surveying services available for property owners and vendors, competence, components of service available, the report, post report delivery and managing client expectations and a range of add on services available. Includes liability caps, cancellation rights under the Consumer Contracts Regulations 2013, adjustment of unexpired leasehold terms adjusted from 70 to 85 years. Sample scope of engagement in Appendix A is not mandatory but may help practitioners develop documentation to support clearer client understanding |
| 520 ## - ABSTRACT | |
| Abstract | Supersedes RICS Building surveys of residential property 2004, 2nd edition (L117358), December 2013, 3rd ed L158026, 2013. See also Home Survey standard K121160 effective from 1 June 2020. |
| 590 ## - LOCAL NOTE (RLIN) | |
| Local note | KA |
| 650 ## - KEYWORDS | |
| Keywords | Home survey standard |
| 650 ## - KEYWORDS | |
| Keywords | Condition reports |
| 651 #4 - SUBJECT ADDED ENTRY--GEOGRAPHIC NAME | |
| Geographic name | United Kingdom |
| 690 ## - BROAD SUBJECT | |
| Broad subject | Survey reports |
| 9 (RLIN) | 6270 |
| 700 1# - ADDED PERSONAL NAME | |
| Added personal author | Parnham, Phil |
| 856 40 - ONLINE RESOURCE | |
| Uniform Resource Identifier | <a href="https://www.isurv.com/downloads/file/6834/archive_surveys_of_residential_property_3rd_edition_reissue_may_2016_-_may_2022">https://www.isurv.com/downloads/file/6834/archive_surveys_of_residential_property_3rd_edition_reissue_may_2016_-_may_2022</a> |
| Public note | Archived on iSurv (subscription required) |
| 942 ## - ADDED ENTRY ELEMENTS (KOHA) | |
| Suppress in OPAC | Do not suppress in OPAC |
| Lost status | Source of classification or shelving scheme | Damaged status | Not for loan | Home library | Current library | Shelving location | Date acquired | Total Checkouts | Full call number | Barcode | Date last seen | Copy number | Price effective from | Koha item type |
|---|---|---|---|---|---|---|---|---|---|---|---|---|---|---|
| Dewey Decimal Classification | Virtual | Virtual | Online | 19/05/2016 | iSurv | 159292-2001 | 05/04/2023 | 1 | 06/08/2019 | Book |